000 00854nam a2200229 i 4500
001 30222
003 ES-MaACL
005 20250726063032.0
007 t|
008 030124s1877 sp ||||1| spa d
100 1 _aBarrantes, Vicente,
_d1829-1898
_925851
245 1 0 _aBarros emeritenses
_b: estudio sobre los restos de cerámica romana que pueden hallarse en las ruinas de Mérida /
_cVicente Barrantes.
250 _a3ª imp.
260 _aMadrid :
_b[s.n.],
_c1877 (
_fT. Fortanet)
300 _a42 p. :
_bil. ;
_c25 cm.
530 _aDisponible en formato digital.
650 4 _aCerámica romana-
_zMérida.
_9163143
651 _aMérida-
_xRestos arqueológicos.
_9152465
852 _aES-MaACL
_jT-248-F-1
856 _uhttp://bdh-rd.bne.es/viewer.vm?id=0000095083&page=1
_zBiblioteca Digital Hispánica
999 _c30222
_d30222